000 00460nam a2200133Ia 4500
008 100328s9999 xx 000 0 und d
082 _b17157
100 _aटंडन शिवनारायण
245 _aजीवन की एक झलक
260 _bमहाराष्ट्र राष्ट्रभाषा सभा
630 _aजीवन की एक झलक
730 _aजीवन की एक झलक
942 _cBOOK
999 _c511772
_d511769